Sarcoma
| Format: | Electronic Journal |
|---|---|
| Language: | English |
| Published: |
[Abingdon, Oxfordshire] :
Carfax International Publishers,
1997-
New York, N.Y. : Hindawi Pub. Corp. London : Hindawi Limited |
| Subjects: | |
| Online Access: | Full text available from Research Library: 01/01/2014 to present |
MARC
| LEADER | 00000nas a2200000 a 4500 | ||
|---|---|---|---|
| 001 | ssj0004434 | ||
| 003 | WaSeSS | ||
| 005 | 20200512172242.0 | ||
| 006 | m d | ||
| 007 | cr n | ||
| 008 | 971110c19979999enk x pss 0 a0eng c | ||
| 010 | |a 2004263277 | ||
| 016 | 7 | |a 011455107 |2 Uk | |
| 022 | |a 1369-1643 |l 1357-714X |y 1357-714X | ||
| 035 | |a (WaSeSS)ssj0004434 | ||
| 037 | |b Hindawi Limited Adam House, Third Floor 1 Fitzroy Square London W1T 5HF UK | ||
| 040 | |a F#A |b eng |c F#A |d OCL |d OCLCQ |d TXA |d MYG |d NSD |d OCLCQ |d OCLCO |d OCLCQ |d OCLCF |d CUS |d EUW |d OCLCQ |d WT2 |d DLC |d BUF |d U3W |d DLC |d MOW |d OCLCQ |d TOF |d OCLCO |d AU@ |d WYU |d VT2 |d OCLCO |d OCLCA |d UKMGB |d NLM |d OCLCQ |d OCLCA |d WaSeSS | ||
| 042 | |a pcc |a nsdp | ||
| 050 | 1 | 4 | |a RC261.A1 |b S47 |
| 082 | 1 | 0 | |a 616 |2 13 |
| 130 | 0 | |a Sarcoma (Online) | |
| 222 | 0 | |a Sarcoma |b (Online) | |
| 245 | 1 | 0 | |a Sarcoma |h [electronic resource]. |
| 260 | |a [Abingdon, Oxfordshire] : |b Carfax International Publishers, |c 1997- | ||
| 260 | 2 | |3 <2006-> : |a New York, N.Y. : |b Hindawi Pub. Corp. | |
| 260 | 3 | |3 <2018-> : |a London : |b Hindawi Limited | |
| 310 | |a Continuously updated, |b 2006- | ||
| 321 | |a Four no. a year, |b 1997-2005 | ||
| 362 | 0 | |a Vol. 1, no. 1 (Mar. 1997)- | |
| 500 | |a Title from issue table of contents (MetaPress, viewed Dec. 6, 2004). | ||
| 500 | |a Published: New York, N.Y. : Hindawi Pub. Corp., 2006?- | ||
| 500 | |a Provisional versions of recently accepted articles also available on Hindawi website. | ||
| 506 | |a License restrictions may limit access. | ||
| 515 | |a Some numbers issued in combined form. | ||
| 515 | |a Volumes for 2006- called: Vol. 2006- | ||
| 538 | |a Mode of access: World Wide Web. | ||
| 588 | 1 | |a Vol. 2006 (Hindawi website, viewed June 28, 2006). | |
| 650 | 0 | |a Sarcoma |v Periodicals. | |
| 650 | 2 | |a Sarcoma. | |
| 650 | 7 | |a Sarcoma. |2 fast |0 (OCoLC)fst01105477 | |
| 655 | 0 | |a Electronic journals. | |
| 776 | 1 | |t Sarcoma |x 1357-714X |w (DLC)sn 97040161 |w (OCoLC)37163642 | |
| 856 | 4 | 0 | |z Full text available from Research Library: 01/01/2014 to present |u https://search.proquest.com/publication/2037506 |